000 00493nam a2200157 a 4500
001 000029811
005 20250502073820.0
008 090907s1999 dr 000 0 spa d
040 _aDO-SdBNP
_bspa
_cBNPH
082 _axxxx
_bR426i
110 1 _aRepública Dominicana.
_bOficina Nacional de Administración y Personal
_926398
245 1 0 _aInstructivo de incorporación a la carrera administrativa.
260 _aSanto Domingo :
_aONAP,
_c1999.
300 _a67 p. ;
_c22 cm .
049 _aBNPD
999 _c29303
_d29303